00474nam a22001577a 450000500170000001000170001702000260003403500170006003700170007708200110009410000220010524500460012726000400017327000750021330000280028820140605113028.0 aB-505518-522 a9789381162972c395.00 aB-505518-522 adplbBSB/Ven a530.41 aJain, Vimal Kumar aSolid State Physics/cby Vimal Kumar Jain aNew DelhibAne Books Pvt.Ltd.c2013 a4821, Parwana Bhawan, Ist Floor, 24 Ansari Road, Darya GanjbNew Delhi a458p.:bill.c23cm(pbk)